A dictionary of literary terms and literary theory (Record no. 26678)

MARC details
000 -LEADER
fixed length control field 00410nam a2200169Ia 4500
020 ## - INTERNATIONAL STANDARD BOOK NUMBER
ISBN 9780140513639
050 ## - CALL MARK
Classification number PN 41 .C83/
100 ## - STATEMENT OF RESPONSIBILITY--MAIN AUTHOR NAME
Personal name Cuddon, J. A.
245 #2 - TITLE STATEMENT
Title A dictionary of literary terms and literary theory
260 ## - PUBLICATION, DISTRIBUTION, ETC. (IMPRINT)
Place of publication England
260 ## - PUBLICATION, DISTRIBUTION, ETC. (IMPRINT)
Name of publisher Penguin Books
260 ## - PUBLICATION, DISTRIBUTION, ETC. (IMPRINT)
Year of publication 1998
300 ## - PHYSICAL DESCRIPTION
Number of Pages 991 p
942 ## - ADDED ENTRY ELEMENTS (KOHA)
Koha item type Books
Holdings
Withdrawn status Lost status Source of classification or shelving scheme Damaged status Not for loan Permanent Location Current Location Date acquired Full call number Accession Number Price effective from Koha item type
    Library of Congress Classification     NILE UNIVERSITY OF NIGERIA - MAIN LIBRARY NILE UNIVERSITY OF NIGERIA - MAIN LIBRARY 04/23/2025 PN 41 .C83 0002141 04/23/2025 Books